Quizzes
Events
Quiz Creation
Community
Videos
Private Events
Remove Ads
Sign In
Join for FREE
Feedback
Dark Mode
Quiz Categories
Sports
Geography
Music
Movies
Television
Just For Fun
Miscellaneous
History
Literature
Language
Science
Gaming
Entertainment
Religion
Holiday
For Kids
Quiz Lab
Recent
Popular Today
Quiz Kudos Today
Editor Picks
Curator Picks
Quizzes by...
Day
Popularity
Type
Ratings
Length
Year
Community
Subscriptions
Recent Discussions
Orange Saloon
Badges
Playlists
Quests
Create
Leaderboards
Showdown
Live 5
Trivia Bingo
Activity
Puzzle Library
Sporcle Events
Private Events
Virtual Trivia
Globe League
Become a Host
Pub Owners
SporcleCon
Opinionation
Our Games
Videos
Blog
Mobile Apps
Partnerships
Remove Ads and Go Orange
Feedback
Television
TV Characters
TV Show
Sitcom
Network
Friends
Reality Shows
Cast
South Park
Star Trek
The Simpsons
Doctor Who
Television
TV Characters
TV Show
Sitcom
Network
Friends
Reality Shows
Cast
South Park
Star Trek
The Simpsons
Doctor Who
Random Quiz
Search Sporcle
×
Quiz Lab
Quiz Lab
Television
Babylon 5
Type in answers that appear in a list
Type in answers that appear in a list
Classic
Best Score? Go Orange.
Babylon 5 Episodes NOT Written By JMS Stats
Can you name the episodes of Babylon 5 that J. Michael Straczynski did NOT write?
By
Alstair
6m
18 Questions
84 Plays
84 Plays
84 Plays
Comments
Comments
Give Quiz Kudos
Give Quiz Kudos
-
- Ratings
hide this ad
More Info
Replay
Link that replays current quiz
Next Quiz
Link to next quiz in quiz playlist
You Got
0%
They Got
Avg Score
73%
Avg Friend Score
Upgrade to see
Score Distribution
Jump to the score distribution portion of the page
Score
0/18
Timer
06:00
0
Plays Today
Season (Episode)
Episode
% Correct
Season 1 (3)
Born To the Purple
91.7%
Season 5 (8)
Day Of the Dead
88.1%
Season 1 (10)
Believers
79.8%
Season 1 (14)
TKO
79.8%
Season 1 (9)
Deathwalker
78.6%
Season 1 (15)
Grail
78.6%
Season 1 (16)
Eyes
77.4%
Season 2 (6)
Spider In the Web
73.8%
Season 2 (17)
Knives
73.8%
Season (Episode)
Episode
% Correct
Season 1 (7)
The War Prayer
71.4%
Season 2 (4)
A Distant Star
71.4%
Season 2 (5)
The Long Dark
71.4%
Season 2 (10)
Gropos
71.4%
Season 1 (12)
By Any Means Necessary
66.7%
Season 1 (17)
Legacies
65.5%
Season 2 (14)
There All the Honor Lies
64.3%
Season 2 (7)
Soul Mates
60.7%
Season 1 (11)
Survivors
59.5%
Quiz Playlist
Details
Report
Send in Message
Add To Playlist
More Info:
Episodes are listed in series order.
Classic:
Type in answers that appear in a list
Quiz Source
Last Updated: Feb 16, 2017
Quiz Scoreboard
CHALLENGE
Sign Up to Join the Scoreboard
Show All
Scores
Hide
Comments
May contain spoilers
Recently Published
Movies - When Are They Set?
by FPL_Elf
Movies
5m
Popular People in 1961
by mucciniale
History
6m
1-10 Letter E Words III
by El_Dandy
Language
2m
More to Explore
Quiz From the Vault
Featured Blog Post
Where Did the Easter Bunny Come From?
hide this ad
You Might Also Like...
Tags
Babylon
Babylon 5
episode
michael
season
Write
Writer
Written
Today's Top Quizzes in Television
Browse Television
hide this ad
Top Contributed Quizzes in Television
1
One Piece Logic Puzzle
2
Survivor Logic Puzzle: Heroes vs. Villains
3
Survivor Seasons
4
Survivor Season by Logo
5
Survivor Trivia
6
One Thing in Common: Television
7
Who Wants to Be a Millionaire?
8
Survivor Logic Puzzle: Winners at War
9
Ultimate Survivor Logic Puzzle
10
Phoebe Buffay Quotes
Explore More
Trending Topics
NBA
Anime
Disney
Crossword
Kpop
Marvel
Harry Potter
Pokémon
Puzzle
WWE
The Office
Soccer
Country
Song
NFL
hide this ad
More By:
Alstair
Quiz
Plays
Rating
Category
Featured
Created
A Decade of iTunes
47,365
4.54
Music
Apr 27, 2013
Britain's Biggest Singles of the 2000s
23,483
4.68
Music
Oct 22, 2012
A Decade of iTunes (Albums)
8,801
4.18
Music
Apr 29, 2013
Top 100 Greatest Hair Metal Songs
8,089
4.56
Music
Apr 8, 2012
Billboard's Top 100 Albums of 1984
6,730
4.77
Music
Jan 30, 2012
Go to Creator's Profile
Score Distribution
Quiz Creator Spotlight
Alstair
Follow
Send a Message
Quizzes Created
-
Created Quiz Play Count
-
More By This Creator
Popular Quizzes Today
1
Find the Countries of Europe - No Outlines Minefield
2
Find the US States - No Outlines Minefield
3
The Countries of the World
4
Popular People in 1961
5
US States
6
1-10 Letter E Words III
7
Find the US States
8
One Thing in Common: World Cities II
More Television Quizzes
TV Couples Match
Quiz Lab
Trending Quizzes
Risky Map Clicking: Least Populous States A-Z
1-10 Letter F Words
1-10 Letter G Words
One Thing in Common: United Kingdom
Risky Map Clicking: Next State Alphabetically
Recently Updated
Leaping Animals
pecheneg
Reality TV Shows (A-Z)
bhenderson79
Rickey Henderson's Hall of Fame Teammates
pecheneg
Champions League XIs: Arsenal
pecheneg
Quick Pick: Celebrities in WWE's Hall of Fame
aduchscher
A-Z Keypad Blitz II
pecheneg
Multiple Oscar Actors
pecheneg
Mystery Phrase Blitz: Oscar 'Best Actors'
pecheneg
F. Scott Fitzgerald Novels
LTH
Pick 3 Villains
ddd62291
Trending Topics
Crossword
Harry Potter
Marvel
Disney
Anime
NBA
Kpop
Pokémon
Puzzle
WWE
NFL
The Office
Country
Soccer
Song
Your Account Isn't Verified!
In order to create a playlist on Sporcle, you need to verify the email address you used during registration. Go to your
Sporcle Settings
to finish the process.
Report this User
Report this user for behavior that violates our
Community Guidelines
.
Details:
Send Report
Go to the Sporcle.com Mobile Site →
Comments